| 000 | 00536nam a2200181Ia 4500 | ||
|---|---|---|---|
| 008 | 090201s9999 xx 000 0 und d | ||
| 010 | _aKPL-43245 | ||
| 040 | _bमराठी | ||
| 041 | _aमराठी | ||
| 082 |
_a52002 _b43245 |
||
| 100 | _aएस. एम. काशीकर | ||
| 245 | _aशापीत दौलत | ||
| 245 | _cएस. एम. काशीकर | ||
| 260 |
_c2007 _bदिलीप प्रकाशन |
||
| 300 |
_a216 _bमोठा |
||
| 600 | _aशापीत दौलत | ||
| 942 | _cBOOK | ||
| 999 |
_c248451 _d248451 |
||